Strengthening the Resilience of Consumers for Sustainable Renewal
Nový koncepčný rámec na meranie spotrebiteľských podmienok. Nový program pre spotrebiteľov - zelená transformácia, digitálna transformácia, účinné presadzovania práv spotrebiteľa, riešenie špecifických potrieb spotrebiteľov a ochrana spotrebiteľa v globálnom kontexte.
Salvato in:
| Autore principale: | |
|---|---|
| Natura: | Capitolo di libro |
| Lingua: | slovacco |
| Soggetti: | |
| Tags: |
Nessun Tag, puoi essere il primo ad aggiungerne!!
|
MARC
| LEADER | 00000naa$a2200000$$$4500 | ||
|---|---|---|---|
| 001 | 0281196 | ||
| 005 | 20240527084200.8 | ||
| 041 | 0 | |a slo | |
| 044 | |a CZ | ||
| 245 | 1 | 0 | |a Strengthening the Resilience of Consumers for Sustainable Renewal |c Dana Hrušovská |
| 520 | |a Nový koncepčný rámec na meranie spotrebiteľských podmienok. Nový program pre spotrebiteľov - zelená transformácia, digitálna transformácia, účinné presadzovania práv spotrebiteľa, riešenie špecifických potrieb spotrebiteľov a ochrana spotrebiteľa v globálnom kontexte. | ||
| 610 | 2 | 0 | |a spotrebitelia |
| 610 | 2 | 0 | |a práva spotrebiteľské |
| 610 | 2 | 0 | |a transformácia digitálna |
| 100 | 1 | |a Hrušovská, Dana, 1964- | |